[Event "Swiss Queens Wed #22"]
[Site "FIDE Online Arena INT"]
[Date "2024.06.26"]
[Round "7"]
[White "Gorli, Nyna"]
[Black "Hernandez Bonilla, Amelia"]
[Result "0-1"]
[WhiteElo "1876"]
[BlackElo "1976"]
[PlyCount "36"]
[EventDate "2024.06.26"]
[EventType "swiss (blitz)"]
[EventRounds "11"]
[EventCountry "NET"]
[SourceTitle "CBM 220 Extra"]
[Source "ChessBase"]
[SourceDate "2024.07.31"]
[SourceVersion "1"]
[SourceVersionDate "2024.07.31"]
[SourceQuality "1"]

1. e4 c5 2. c3 d5 3. exd5 Qxd5 4. d4 Nc6 5. Nf3 Bg4 6. Be2 cxd4 7. cxd4 e6 8. Nc3 Qa5 9. 0-0 Nf6 10. h3 Bh5 11. Bg5 Bxf3 12. Bxf6 Bxe2 13. Qxe2 gxf6 14. d5 Nd8 15. Ne4 Bg7 16. Nd6+ Kf8 17. dxe6 fxe6 18. Qh5 Qxh5 0-1

[Event "Swiss Queens Wed #22"]
[Site "FIDE Online Arena INT"]
[Date "2024.06.26"]
[Round "4"]
[White "Hernandez Bonilla, Amelia"]
[Black "Fang, Kun"]
[Result "0-1"]
[WhiteElo "1976"]
[BlackElo "1803"]
[PlyCount "104"]
[EventDate "2024.06.26"]
[EventType "swiss (blitz)"]
[EventRounds "11"]
[EventCountry "NET"]
[SourceTitle "CBM 220 Extra"]
[Source "ChessBase"]
[SourceDate "2024.07.31"]
[SourceVersion "1"]
[SourceVersionDate "2024.07.31"]
[SourceQuality "1"]

1. e4 e5 2. Nf3 Nc6 3. Bc4 Bc5 4. c3 Nf6 5. d4 exd4 6. e5 d5 7. Bb5 Ne4 8. cxd4 Bb6 9. 0-0 Bg4 10. Nbd2 0-0 11. Bxc6 bxc6 12. h3 Bh5 13. Qa4 Nxd2 14. Nxd2 c5 15. Nb3 cxd4 16. Nxd4 c5 17. Nc2 Re8 18. Bf4 Qh4 19. Ne3 d4 20. Bg3 Qg5 21. Nc4 Bc7 22. Qc6 Rac8 23. Qb7 Be2 24. Rfc1 Bb8 25. Nd6 Bxd6 26. exd6 Ra8 27. d7 Rf8 28. Qe4 d3 29. Bh4 Qh6 30. d8Q Rfxd8 31. Bxd8 Rxd8 32. Rxc5 Qd6 33. Re5 g6 34. Re8+ Rxe8 35. Qxe8+ Kg7 36. Qe3 Qb4 37. Qe5+ Kh6 38. a3 Qb6 39. Qf4+ Kg7 40. Qd2 Qf6 41. Re1 Qe6 42. Kh2 h6 43. g3 Qe5 44. f4 Qe6 45. Kg1 Qb6+ 46. Kg2 Kh7 47. b4 Qc6+ 48. Kf2 Qf3+ 49. Kg1 Qxg3+ 50. Kh1 Qxh3+ 51. Kg1 Qg3+ 52. Kh1 Bf3+ 0-1

[Event "Swiss Queens Wed #22"]
[Site "FIDE Online Arena INT"]
[Date "2024.06.26"]
[Round "10"]
[White "Hernandez Bonilla, Amelia"]
[Black "Yashvi, Jain"]
[Result "0-1"]
[WhiteElo "1976"]
[BlackElo "1729"]
[PlyCount "76"]
[EventDate "2024.06.26"]
[EventType "swiss (blitz)"]
[EventRounds "11"]
[EventCountry "NET"]
[SourceTitle "CBM 220 Extra"]
[Source "ChessBase"]
[SourceDate "2024.07.31"]
[SourceVersion "1"]
[SourceVersionDate "2024.07.31"]
[SourceQuality "1"]

1. d4 d5 2. Nf3 Nf6 3. e3 c6 4. c4 Bf5 5. Nc3 e6 6. Be2 Nbd7 7. 0-0 Bd6 8. a3 a5 9. b3 0-0 10. Bb2 Ne4 11. Nd2 Ndf6 12. f3 Nxd2 13. Qxd2 Bg6 14. c5 Bc7 15. f4 Ne4 16. Nxe4 Bxe4 17. b4 f6 18. b5 e5 19. b6 Bb8 20. Bd3 exf4 21. exf4 f5 22. Bxe4 fxe4 23. g3 h5 24. h4 Qd7 25. Kg2 Qg4 26. Qd1 Qg6 27. Kh2 a4 28. Bc3 e3 29. Re1 Rxf4 30. gxf4 Bxf4+ 31. Kh1 Qe4+ 32. Kg1 Bg3 33. Qxh5 Rf8 34. Re2 Bf2+ 35. Kh2 Qf4+ 36. Kh1 Qe4+ 37. Kh2 Rf4 38. Rxf2 Rxf2+ 0-1

[Event "Swiss Queens Wed #21"]
[Site "FIDE Online Arena INT"]
[Date "2024.06.21"]
[Round "2"]
[White "Cori Tello, Deysi Estella"]
[Black "Hernandez Bonilla, Amelia"]
[Result "0-1"]
[WhiteElo "2389"]
[BlackElo "1976"]
[PlyCount "84"]
[EventDate "2024.06.21"]
[EventType "swiss (blitz)"]
[EventRounds "11"]
[EventCountry "NET"]
[SourceTitle "CBM 220 Extra"]
[Source "ChessBase"]
[SourceDate "2024.07.31"]
[SourceVersion "1"]
[SourceVersionDate "2024.07.31"]
[SourceQuality "1"]

1. b3 d5 2. Bb2 Nf6 3. Nf3 e6 4. e3 Bd6 5. c4 Nbd7 6. Nc3 c6 7. Be2 0-0 8. 0-0 Qe7 9. Qc2 a6 10. d4 dxc4 11. bxc4 e5 12. c5 Bc7 13. Rfd1 e4 14. Ng5 Re8 15. Bc4 Nd5 16. Ngxe4 Nxc3 17. Nxc3 Nf6 18. h3 g6 19. Qb3 Bf5 20. d5 cxd5 21. Nxd5 Nxd5 22. Bxd5 Rab8 23. e4 Bxe4 24. Re1 Bxd5 25. Qc3 Be5 26. Rxe5 Qxe5 27. Qxe5 Rxe5 28. Bxe5 Re8 29. f4 f6 30. Bxf6 Re2 31. Rd1 Rxg2+ 32. Kf1 Bc6 33. a3 Kf7 34. Be5 Rh2 35. Rd8 Rxh3 36. Rh8 h5 37. a4 Ke6 38. Rh7 Kf5 39. Kf2 Ke4 40. Rg7 Rh2+ 41. Kg3 Ra2 42. Rxg6 Kf5 0-1

[Event "Swiss Queens Wed #21"]
[Site "FIDE Online Arena INT"]
[Date "2024.06.21"]
[Round "8"]
[White "Fronda Pascua, Jan Jodilyn"]
[Black "Hernandez Bonilla, Amelia"]
[Result "0-1"]
[WhiteElo "2072"]
[BlackElo "1976"]
[PlyCount "162"]
[EventDate "2024.06.21"]
[EventType "swiss (blitz)"]
[EventRounds "11"]
[EventCountry "NET"]
[SourceTitle "CBM 220 Extra"]
[Source "ChessBase"]
[SourceDate "2024.07.31"]
[SourceVersion "1"]
[SourceVersionDate "2024.07.31"]
[SourceQuality "1"]

1. e4 c5 2. Nf3 d6 3. Bb5+ Nd7 4. 0-0 g6 5. Re1 Bg7 6. c3 a6 7. Bf1 Ngf6 8. d4 cxd4 9. cxd4 0-0 10. Nc3 b5 11. h3 Bb7 12. e5 Nd5 13. e6 fxe6 14. Ng5 Nxc3 15. bxc3 Bd5 16. Nxe6 Bxe6 17. Rxe6 Rf6 18. Re1 Qf8 19. Qg4 Nb6 20. Qg3 Rc8 21. Bg5 Rf7 22. Rac1 Nc4 23. Bd3 Bf6 24. Bf4 Qg7 25. Qg4 Rc7 26. Qe6 Kh8 27. Bg3 Bg5 28. Rb1 Qf6 29. Qd5 Kg7 30. a4 Nb6 31. Qa2 Nxa4 32. Rbc1 Rxc3 33. Rxc3 Nxc3 34. Qxa6 Qxd4 35. Bxb5 Nxb5 36. Qxb5 Bf4 37. Bxf4 Qxf4 38. Qb2+ Qf6 39. Qa2 Qc3 40. Re3 Qc1+ 41. Kh2 Qc5 42. Qb2+ e5 43. Rc3 Qd4 44. Rc2 Qxb2 45. Rxb2 Rd7 46. Re2 Kf6 47. Kg3 d5 48. Kf3 Kf5 49. g4+ Ke6 50. Ke3 Ra7 51. f4 Ra3+ 52. Kf2 e4 53. Rb2 Rxh3 54. Rb6+ Kd7 55. Rb7+ Kc6 56. Re7 Kc5 57. Ke2 Kd4 58. f5 gxf5 59. gxf5 Rh2+ 60. Kf1 e3 61. Kg1 Rf2 62. Rxh7 Rxf5 63. Kg2 Kd3 64. Ra7 d4 65. Ra3+ Ke4 66. Ra4 Rf2+ 67. Kg3 Rf1 68. Ra8 e2 69. Re8+ Kd3 70. Kg2 e1Q 71. Rxe1 Rxe1 72. Kf2 Re8 73. Kf3 Kc2 74. Kf4 d3 75. Kf5 d2 76. Kf6 d1Q 77. Kf7 Qe2 78. Kg7 Re3 79. Kh6 Qf2 80. Kg5 Rg3+ 81. Kh4 Qh2# 0-1

[Event "Swiss Queens Wed #21"]
[Site "FIDE Online Arena INT"]
[Date "2024.06.21"]
[Round "3"]
[White "Hernandez Bonilla, Amelia"]
[Black "Mejia, Cherry Ann"]
[Result "1-0"]
[WhiteElo "1976"]
[BlackElo "1964"]
[PlyCount "81"]
[EventDate "2024.06.21"]
[EventType "swiss (blitz)"]
[EventRounds "11"]
[EventCountry "NET"]
[SourceTitle "CBM 220 Extra"]
[Source "ChessBase"]
[SourceDate "2024.07.31"]
[SourceVersion "1"]
[SourceVersionDate "2024.07.31"]
[SourceQuality "1"]

1. e4 c5 2. c3 d5 3. exd5 Qxd5 4. d4 cxd4 5. cxd4 e6 6. Nf3 Nf6 7. Nc3 Bb4 8. Bd3 Nc6 9. 0-0 Qd6 10. a3 Ba5 11. Bg5 Bxc3 12. bxc3 Nd7 13. Bc2 h6 14. Bh4 Nb6 15. Qd3 Nd5 16. Bg3 Qd8 17. c4 Nf6 18. Rfe1 0-0 19. Rad1 b6 20. Ne5 Bb7 21. Nxc6 Bxc6 22. Be5 g6 23. Qh3 Kh7 24. Bf4 Ng8 25. g4 Qf6 26. Qg3 Rac8 27. Bb1 Rfd8 28. g5 hxg5 29. Bxg5 Qf3 30. Qxf3 Bxf3 31. Rd3 f6 32. Bxf6 Nxf6 33. Rxf3 Kg7 34. Rxe6 Rxd4 35. Rexf6 Rd1+ 36. Kg2 Rxb1 37. Rf7+ Kh6 38. Rh3+ Kg5 39. f4+ Kg4 40. Rg3+ Kh5 41. Rh7# 1-0